[Event "33. Open Ciudad de San Sebastian"]
[Site "San Sebastián ESP"]
[Date "2010.03.28"]
[Round "1.31"]
[White "Espin Laborde, Jesus Maria"]
[Black "Acosta Garcia, Alfonso Carlos"]
[Result "1/2-1/2"]
[WhiteElo "1796"]
[BlackElo "2327"]
[PlyCount "71"]
[EventDate "2010.03.28"]
[EventType "swiss"]
[EventRounds "9"]
[EventCountry "ESP"]
[Source "lmi"]
[SourceDate "2010.03.28"]

1. e4 c5 2. Nf3 d6 3. d4 cxd4 4. Nxd4 Nf6 5. Nc3 a6 6. Be3 e5 7. Nb3 Be6 8. f3
Be7 9. Qd2 O-O 10. O-O-O Qc7 11. Kb1 Rc8 12. g4 Nbd7 13. g5 Nh5 14. Bd3 b5 15.
Ne2 Nc5 16. Rc1 Qd8 17. h4 Nxd3 18. cxd3 Bxb3 19. axb3 d5 20. Rxc8 Rxc8 21. Rc1
d4 22. Bf2 f6 23. Ng3 Nxg3 24. Bxg3 Qd7 25. f4 exf4 26. Bxf4 Qe6 27. Rxc8+ Qxc8
28. gxf6 Bxf6 29. Bg5 Qe6 30. Ka2 h6 31. Bxf6 Qxf6 32. Qh2 Qf3 33. h5 Qxd3 34.
Qb8+ Kf7 35. Qf4+ Ke7 36. Qe5+ 1/2-1/2

[Event "33. Open Ciudad de San Sebastian"]
[Site "San Sebastián ESP"]
[Date "2010.03.28"]
[Round "1.32"]
[White "Cruz-Lopez Claret, Carlos"]
[Black "Navarro Vallejo, Jonathan"]
[Result "1-0"]
[WhiteElo "2318"]
[BlackElo "1795"]
[PlyCount "53"]
[EventDate "2010.03.28"]
[EventType "swiss"]
[EventRounds "9"]
[EventCountry "ESP"]
[Source "lmi"]
[SourceDate "2010.03.28"]

1. d4 Nf6 2. c4 c5 3. d5 e6 4. Nc3 exd5 5. cxd5 d6 6. e4 Be7 7. f4 a6 8. Nf3
Bg4 9. Be2 Nbd7 10. O-O O-O 11. a4 Bxf3 12. Bxf3 Rb8 13. e5 Ne8 14. Qe2 f5 15.
Kh1 h6 16. Bd2 g5 17. e6 Nb6 18. a5 Na8 19. Bh5 Ng7 20. Bf7+ Kh7 21. g4 Nc7 22.
gxf5 Nxf5 23. Qe4 Rxf7 24. exf7 Kg6 25. fxg5 Qd7 26. gxh6 Rh8 27. Qg4+ 1-0

[Event "33. Open Ciudad de San Sebastian"]
[Site "San Sebastián ESP"]
[Date "2010.03.28"]
[Round "1.35"]
[White "Aguado Zabaleta, Felix"]
[Black "Martin Alvarez, Inigo"]
[Result "0-1"]
[WhiteElo "1775"]
[BlackElo "2289"]
[PlyCount "74"]
[EventDate "2010.03.28"]
[EventType "swiss"]
[EventRounds "9"]
[EventCountry "ESP"]
[Source "lmi"]
[SourceDate "2010.03.28"]

1. d4 Nf6 2. c4 d6 3. Nc3 Nbd7 4. Nf3 e5 5. e4 Be7 6. Be2 O-O 7. O-O c6 8. dxe5
dxe5 9. b3 Qc7 10. Bb2 Re8 11. Qc2 Bf8 12. Rfe1 a5 13. a3 Nc5 14. Bf1 Bg4 15.
Nd2 Rad8 16. f3 Rxd2 17. Qxd2 Nxb3 18. Qd1 Nxa1 19. Qxa1 Bc8 20. Kh1 Nd7 21.
Qa2 Nc5 22. a4 Rd8 23. Rd1 f6 24. Rxd8 Qxd8 25. Bc1 Qd4 26. Qc2 Be6 27. Qd2 Nb3
28. Qc2 Nxc1 29. Qxc1 Bxc4 30. Ne2 Bxe2 31. Bxe2 Qxa4 32. Bc4+ Kh8 33. Be6 Ba3
34. Qb1 Bb2 35. Ba2 Qa3 36. h3 Bd4 37. Kh2 Qb2 0-1

[Event "33. Open Ciudad de San Sebastian"]
[Site "San Sebastián ESP"]
[Date "2010.03.28"]
[Round "1.36"]
[White "Piasetski, Leon"]
[Black "Ciruelos Clerencia, Juan Manuel"]
[Result "1-0"]
[WhiteElo "2280"]
[BlackElo "1773"]
[PlyCount "53"]
[EventDate "2010.03.28"]
[EventType "swiss"]
[EventRounds "9"]
[EventCountry "ESP"]
[Source "lmi"]
[SourceDate "2010.03.28"]

1. Nf3 Nf6 2. c4 g6 3. Nc3 d5 4. cxd5 Nxd5 5. Qb3 Nb6 6. d4 Bg7 7. Bf4 c6 8.
Rd1 O-O 9. e4 Bg4 10. Be2 Bxf3 11. Bxf3 Bxd4 12. a4 a5 13. O-O Na6 14. Ne2 c5
15. Be5 Nb4 16. Nxd4 cxd4 17. Bxd4 Qc7 18. Rc1 Qd8 19. Rfd1 Nd7 20. e5 e6 21.
Bxb7 Rb8 22. Qf3 Qg5 23. Qe4 Rbd8 24. f4 Qe7 25. Rc7 Qh4 26. Bf2 Nc5 27. Qe2
1-0

[Event "33. Open Ciudad de San Sebastian"]
[Site "San Sebastián ESP"]
[Date "2010.03.28"]
[Round "1.37"]
[White "Bas Sanchez, Jose Joaquin"]
[Black "Hernandez, Elvis"]
[Result "0-1"]
[WhiteElo "1764"]
[BlackElo "2277"]
[PlyCount "72"]
[EventDate "2010.03.28"]
[EventType "swiss"]
[EventRounds "9"]
[EventCountry "ESP"]
[Source "lmi"]
[SourceDate "2010.03.28"]

1. e4 e6 2. d4 d5 3. Nd2 Nf6 4. Bd3 c5 5. c3 Nc6 6. Ne2 e5 7. dxc5 Bxc5 8. O-O
O-O 9. Nb3 Bb6 10. Bg5 dxe4 11. Bxf6 Qxd3 12. Bg5 h6 13. Bh4 f5 14. c4 g5 15.
c5 Qxd1 16. Rfxd1 Bc7 17. Bxg5 hxg5 18. Nc3 Be6 19. Nb5 Rac8 20. Nd6 Bxd6 21.
cxd6 Bxb3 22. axb3 Kf7 23. b4 a6 24. b5 axb5 25. Rd5 b4 26. Rb5 Rb8 27. Kf1
Rfd8 28. Rd5 Ke6 29. Rad1 Nd4 30. Rc5 Rxd6 31. Rc7 Rh8 32. Rdc1 Rc6 33. R7xc6+
bxc6 34. Rc4 Ra8 35. g3 Ra1+ 36. Kg2 Nf3 0-1

[Event "33. Open Ciudad de San Sebastian"]
[Site "San Sebastián ESP"]
[Date "2010.03.28"]
[Round "1.39"]
[White "Lazkano Gaite, Tomas"]
[Black "Nava Pereda, Carlos"]
[Result "0-1"]
[WhiteElo "1741"]
[BlackElo "2254"]
[PlyCount "56"]
[EventDate "2010.03.28"]
[EventType "swiss"]
[EventRounds "9"]
[EventCountry "ESP"]
[Source "lmi"]
[SourceDate "2010.03.28"]

1. d4 d5 2. c4 Nc6 3. Nf3 Bg4 4. e3 e5 5. cxd5 Qxd5 6. Be2 exd4 7. exd4 Bb4+ 8.
Nc3 Bxf3 9. Bxf3 Qc4 10. Bxc6+ bxc6 11. Qe2+ Qxe2+ 12. Kxe2 O-O-O 13. Be3 Ne7
14. Rac1 Rhe8 15. g4 f5 16. Kf3 fxg4+ 17. Kxg4 Nd5 18. Kf3 Rf8+ 19. Ke2 Nf4+
20. Kd2 c5 21. a3 Ba5 22. b4 cxb4 23. axb4 Bxb4 24. Rc2 Nd5 25. Ra1 a5 26. Kd3
Nxc3 27. Rxc3 Bxc3 28. Kxc3 Rf5 0-1

[Event "33. Open Ciudad de San Sebastian"]
[Site "San Sebastián ESP"]
[Date "2010.03.28"]
[Round "1.40"]
[White "Nelson, Jonathan P"]
[Black "Moreno Romero, Ernesto"]
[Result "1-0"]
[WhiteElo "2245"]
[BlackElo "1739"]
[PlyCount "49"]
[EventDate "2010.03.28"]
[EventType "swiss"]
[EventRounds "9"]
[EventCountry "ESP"]
[Source "lmi"]
[SourceDate "2010.03.28"]

1. e4 c5 2. c3 Nc6 3. d4 cxd4 4. cxd4 e6 5. d5 exd5 6. exd5 Bb4+ 7. Bd2 Bxd2+
8. Qxd2 Ne5 9. Nc3 d6 10. f4 Ng6 11. Nf3 Nf6 12. O-O-O O-O 13. Nd4 Re8 14. Bd3
a6 15. Rde1 Bd7 16. Rxe8+ Bxe8 17. h4 Rc8 18. Kb1 Qa5 19. Bf5 Rc5 20. Nb3 Rxd5
21. Nxd5 Qxd5 22. Qxd5 Nxd5 23. g3 Bc6 24. Re1 Nf8 25. Na5 1-0

[Event "33. Open Ciudad de San Sebastian"]
[Site "San Sebastián ESP"]
[Date "2010.03.28"]
[Round "1.42"]
[White "Griffiths, Ryan Rhys"]
[Black "Orube Bona, Andoni"]
[Result "1-0"]
[WhiteElo "2195"]
[BlackElo "1732"]
[PlyCount "35"]
[EventDate "2010.03.28"]
[EventType "swiss"]
[EventRounds "9"]
[EventCountry "ESP"]
[Source "lmi"]
[SourceDate "2010.03.28"]

1. e4 c5 2. Nc3 Nc6 3. Bb5 Nd4 4. Bc4 e6 5. Nge2 Ne7 6. O-O a6 7. d3 b5 8. Bb3
Bb7 9. Bg5 h6 10. Bh4 g5 11. Bg3 Ng6 12. Nxd4 cxd4 13. Ne2 e5 14. c3 f5 15.
exf5 Nf4 16. Nxf4 exf4 17. Re1+ Be7 18. Qh5+ 1-0

[Event "33. Open Ciudad de San Sebastian"]
[Site "San Sebastián ESP"]
[Date "2010.03.28"]
[Round "1.44"]
[White "Andersen, Alf R"]
[Black "Cendagortagalarza Rodriguez, Jo"]
[Result "1-0"]
[WhiteElo "2185"]
[BlackElo "1685"]
[PlyCount "59"]
[EventDate "2010.03.28"]
[EventType "swiss"]
[EventRounds "9"]
[EventCountry "ESP"]
[Source "lmi"]
[SourceDate "2010.03.28"]

1. e4 c5 2. Nf3 d6 3. d4 cxd4 4. Nxd4 Nf6 5. Nc3 g6 6. Be3 Bg7 7. f3 O-O 8. Qd2
Nc6 9. Bc4 Bd7 10. O-O-O Rc8 11. Bb3 Ne5 12. g4 b5 13. h4 b4 14. Nd5 Nxd5 15.
exd5 a5 16. h5 a4 17. hxg6 Nxf3 18. Nxf3 axb3 19. axb3 Qa5 20. Qh2 Qa1+ 21. Kd2
Rxc2+ 22. Kxc2 Qxb2+ 23. Kd3 Qxb3+ 24. Ke2 Bb5+ 25. Kf2 h6 26. Bxh6 fxg6 27.
Be3 Qc2+ 28. Kg3 Qc3 29. Qh7+ Kf7 30. Bd4 1-0

[Event "33. Open Ciudad de San Sebastian"]
[Site "San Sebastián ESP"]
[Date "2010.03.28"]
[Round "1.46"]
[White "Diez Fraile, David"]
[Black "Vicente Ezeiza, Mikel"]
[Result "1-0"]
[WhiteElo "2168"]
[BlackElo "1674"]
[PlyCount "57"]
[EventDate "2010.03.28"]
[EventType "swiss"]
[EventRounds "9"]
[EventCountry "ESP"]
[Source "lmi"]
[SourceDate "2010.03.28"]

1. e4 d5 2. exd5 Qxd5 3. Nc3 Qa5 4. d4 c6 5. Bc4 Bf5 6. Nf3 Nd7 7. Be3 Qc7 8.
Qe2 Ngf6 9. O-O-O e6 10. Nh4 Bg4 11. f3 Bh5 12. g4 Bg6 13. f4 O-O-O 14. Nxg6
hxg6 15. f5 gxf5 16. gxf5 exf5 17. Bxf7 Bd6 18. h4 Nf8 19. Bb3 g6 20. Rh3 Bf4
21. d5 g5 22. Qf1 g4 23. Bxf4 Qd7 24. dxc6 Qxc6 25. Rxd8+ Kxd8 26. Rd3+ Kc8 27.
Rd6 Qf3 28. Qc4+ Kb8 29. Rd8# 1-0

[Event "33. Open Ciudad de San Sebastian"]
[Site "San Sebastián ESP"]
[Date "2010.03.28"]
[Round "1.47"]
[White "Muriel Dominguez, Mariano"]
[Black "Hagemann, Tim Dr"]
[Result "0-1"]
[WhiteElo "1657"]
[BlackElo "2164"]
[PlyCount "80"]
[EventDate "2010.03.28"]
[EventType "swiss"]
[EventRounds "9"]
[EventCountry "ESP"]
[Source "lmi"]
[SourceDate "2010.03.28"]

1. d4 e6 2. c4 Nf6 3. Nc3 Bb4 4. Qc2 Nc6 5. Nf3 d6 6. a3 Bxc3+ 7. bxc3 Qe7 8.
e4 e5 9. Bd3 O-O 10. d5 Nb8 11. Bg5 Nbd7 12. Rb1 Nc5 13. O-O h6 14. Be3 Nh5 15.
Qd2 Nxd3 16. Qxd3 f5 17. Rb2 f4 18. Bd2 b6 19. Ne1 g5 20. f3 Nf6 21. g4 Qd7 22.
Nc2 a5 23. Ra1 Ba6 24. a4 Rf7 25. h3 h5 26. Na3 hxg4 27. hxg4 Nxg4 28. Qe2 Nf6
29. Kf2 Rh7 30. Rg1 Rh2+ 31. Rg2 Rxg2+ 32. Kxg2 Kf7 33. Rb1 Rh8 34. Rh1 Rxh1
35. Kxh1 Qh3+ 36. Kg1 g4 37. Qg2 Qxf3 38. Qxf3 gxf3 39. Kf2 Nxe4+ 40. Kxf3
Nxd2+ 0-1

[Event "33. Open Ciudad de San Sebastian"]
[Site "San Sebastián ESP"]
[Date "2010.03.28"]
[Round "1.48"]
[White "Ros Eskisabel, Jose Ramon"]
[Black "Aizpurua Zufiria, Inaki"]
[Result "1-0"]
[WhiteElo "2143"]
[BlackElo "1648"]
[PlyCount "70"]
[EventDate "2010.03.28"]
[EventType "swiss"]
[EventRounds "9"]
[EventCountry "ESP"]
[Source "lmi"]
[SourceDate "2010.03.28"]

1. e4 c5 2. Nc3 Nc6 3. f4 d6 4. Nf3 Nf6 5. Bb5 a6 6. Bxc6+ bxc6 7. d3 Rb8 8.
O-O Bg4 9. h3 Bxf3 10. Qxf3 Qc7 11. e5 Nd7 12. exd6 Qxd6 13. Kh1 e6 14. b3 Nf6
15. Ba3 Rc8 16. Rad1 Qd4 17. Na4 Nd7 18. c4 Qf6 19. Bb2 Qg6 20. Rde1 Be7 21.
Qe3 O-O 22. f5 Qg5 23. Qg1 exf5 24. Bc1 Qf6 25. Be3 Rfe8 26. Qf2 Ne5 27. Rd1
Rcd8 28. Qe2 Rd7 29. Nxc5 Bxc5 30. Bxc5 Rc8 31. d4 Qe6 32. Qxe5 Qxe5 33. dxe5
Rxd1 34. Rxd1 f6 35. exf6 gxf6 1-0

[Event "33. Open Ciudad de San Sebastian"]
[Site "San Sebastián ESP"]
[Date "2010.03.28"]
[Round "1.50"]
[White "Torres Ganuza, Fco  Javier"]
[Black "Moreiro Sanchez, Silvestre"]
[Result "1-0"]
[WhiteElo "2109"]
[BlackElo "1636"]
[PlyCount "51"]
[EventDate "2010.03.28"]
[EventType "swiss"]
[EventRounds "9"]
[EventCountry "ESP"]
[Source "lmi"]
[SourceDate "2010.03.28"]

1. d4 d5 2. c4 e6 3. Nc3 c5 4. cxd5 exd5 5. Nf3 Nf6 6. Bg5 h6 7. Bxf6 gxf6 8.
dxc5 Be6 9. e4 dxe4 10. Qxd8+ Kxd8 11. Nxe4 f5 12. Nd6 Bxd6 13. cxd6 Nc6 14.
Bd3 Rg8 15. O-O Bd5 16. Be2 Nd4 17. Nxd4 Rxg2+ 18. Kh1 Rxf2+ 19. Bf3 Bxf3+ 20.
Nxf3 Rxb2 21. Rab1 Rxa2 22. Rxb7 Rc8 23. Rg1 Re2 24. Rg8+ Re8 25. Rxe8+ Kxe8
26. d7+ 1-0

[Event "33. Open Ciudad de San Sebastian"]
[Site "San Sebastián ESP"]
[Date "2010.03.28"]
[Round "1.52"]
[White "Korhonen, Pasi"]
[Black "Sanchez Merino, Christian"]
[Result "1-0"]
[WhiteElo "2102"]
[BlackElo "1623"]
[PlyCount "66"]
[EventDate "2010.03.28"]
[EventType "swiss"]
[EventRounds "9"]
[EventCountry "ESP"]
[Source "lmi"]
[SourceDate "2010.03.28"]

1. e4 d6 2. d4 Nf6 3. Nc3 e5 4. dxe5 dxe5 5. Qxd8+ Kxd8 6. Bg5 Be6 7. O-O-O+
Nbd7 8. f4 exf4 9. Nf3 Be7 10. Bxf4 h6 11. h3 c6 12. e5 Nh5 13. Bh2 g5 14. Nd4
Bc5 15. Ne4 Bxd4 16. Rxd4 Ke7 17. Nf2 Ng7 18. g4 Rad8 19. Bg2 b5 20. Nd3 c5 21.
Rd6 a5 22. Ra6 c4 23. Nf2 a4 24. Rd1 c3 25. Ne4 cxb2+ 26. Kxb2 a3+ 27. Rxa3 Ra8
28. Rxa8 Rxa8 29. a3 b4 30. axb4 Ra2+ 31. Kb1 Ra4 32. c3 Ba2+ 33. Kb2 Be6 1-0

[Event "33. Open Ciudad de San Sebastian"]
[Site "San Sebastián ESP"]
[Date "2010.03.28"]
[Round "1.53"]
[White "Delgado Canton, Manuel"]
[Black "Lakunza Plazaola, Asier"]
[Result "0-1"]
[WhiteElo "1620"]
[BlackElo "2093"]
[PlyCount "56"]
[EventDate "2010.03.28"]
[EventType "swiss"]
[EventRounds "9"]
[EventCountry "ESP"]
[Source "lmi"]
[SourceDate "2010.03.28"]

1. e4 c5 2. Nf3 d6 3. d4 cxd4 4. Nxd4 Nf6 5. Nc3 a6 6. Bc4 e6 7. O-O b5 8. Bb3
Be7 9. a3 Qc7 10. Bg5 Nc6 11. Re1 Nxd4 12. Qxd4 O-O 13. Rad1 Rd8 14. Rd3 Bb7
15. Rg3 Ne8 16. Bxe7 Qxe7 17. Ne2 Nf6 18. Nc3 Rac8 19. Qe3 Rc5 20. Qh6 Nh5 21.
Rg4 Kh8 22. Qe3 a5 23. Qh3 Nf6 24. Rh4 h6 25. Qd3 Nd5 26. Rh5 Nf4 27. Rxh6+
gxh6 28. Qd4+ Kh7 0-1

[Event "33. Open Ciudad de San Sebastian"]
[Site "San Sebastián ESP"]
[Date "2010.03.28"]
[Round "1.56"]
[White "Aranaz Murillo, Amalia"]
[Black "Gonzalez Pueyo, Patricia"]
[Result "1-0"]
[WhiteElo "2083"]
[BlackElo "1610"]
[PlyCount "67"]
[EventDate "2010.03.28"]
[EventType "swiss"]
[EventRounds "9"]
[EventCountry "ESP"]
[Source "lmi"]
[SourceDate "2010.03.28"]

1. Nf3 Nf6 2. c4 g6 3. Nc3 Bg7 4. e4 d6 5. d4 O-O 6. Be2 Nbd7 7. Be3 e5 8. d5
Nc5 9. Nd2 a5 10. a3 Ne8 11. b4 axb4 12. axb4 Rxa1 13. Qxa1 Na6 14. Qa3 f5 15.
f3 fxe4 16. Ncxe4 Nf6 17. O-O b6 18. Nxf6+ Bxf6 19. Ne4 Be7 20. Rd1 Nb8 21. c5
Nd7 22. cxd6 cxd6 23. Qa7 Kg7 24. Rc1 Nf6 25. Nxf6 Rxf6 26. Rc7 Rf7 27. Bxb6
Kf8 28. Be3 Qe8 29. Qb8 Bd7 30. Bh6+ Kg8 31. Qxe8+ Bxe8 32. Rc8 Rf8 33. Bxf8
Kxf8 34. Bb5 1-0

[Event "33. Open Ciudad de San Sebastian"]
[Site "San Sebastián ESP"]
[Date "2010.03.28"]
[Round "1.58"]
[White "Santesteban Gonzalez, Begona"]
[Black "Bas Mas, Jose Joaquin"]
[Result "0-1"]
[WhiteElo "1588"]
[BlackElo "2051"]
[PlyCount "70"]
[EventDate "2010.03.28"]
[EventType "swiss"]
[EventRounds "9"]
[EventCountry "ESP"]
[Source "lmi"]
[SourceDate "2010.03.28"]

1. e4 c5 2. Nf3 e6 3. d4 cxd4 4. Nxd4 Nf6 5. Nc3 Nc6 6. Bg5 Be7 7. Qd2 a6 8. f4
d6 9. Be2 Qc7 10. O-O-O Bd7 11. f5 Ne5 12. fxe6 fxe6 13. Kb1 b5 14. Bf3 Rc8 15.
Rc1 O-O 16. Nce2 Qb6 17. h4 Nc4 18. Qe1 e5 19. Nf5 Bxf5 20. exf5 e4 21. Bxe4
Nxe4 22. Bxe7 Rxf5 23. Ng3 Ned2+ 24. Ka1 Re5 25. Qd1 Rxe7 26. Nf5 Rec7 27. Re1
Rf8 28. Ne7+ Kh8 29. Nf5 Qc5 30. Qg4 Ne5 31. Qh3 a5 32. Red1 Ndc4 33. g4 Nxg4
34. Nxd6 Nf2 35. Nf7+ Rcxf7 0-1

[Event "33. Open Ciudad de San Sebastian"]
[Site "San Sebastián ESP"]
[Date "2010.03.28"]
[Round "1.59"]
[White "Navarro Rivas, Rashid"]
[Black "Campos Urbaneja, Ricardo"]
[Result "1-0"]
[WhiteElo "2046"]
[BlackElo "1547"]
[PlyCount "81"]
[EventDate "2010.03.28"]
[EventType "swiss"]
[EventRounds "9"]
[EventCountry "ESP"]
[Source "lmi"]
[SourceDate "2010.03.28"]

1. d4 d5 2. Nf3 Nf6 3. Bf4 e6 4. e3 c5 5. Nbd2 Nc6 6. c3 Bd6 7. Bg3 cxd4 8.
cxd4 O-O 9. Bd3 Re8 10. Ne5 Bb4 11. O-O Bxd2 12. Nxc6 bxc6 13. Qxd2 Qb6 14.
Rfc1 Ba6 15. Rc2 Bxd3 16. Qxd3 Rec8 17. Rac1 Ne4 18. Qa3 a5 19. Bd6 Ra6 20. f3
Nxd6 21. Qxd6 Qb7 22. f4 g6 23. Qe5 Rb6 24. b3 a4 25. bxa4 Rb1 26. h4 Rxc1+ 27.
Rxc1 Qb2 28. Rf1 Qxa2 29. h5 gxh5 30. Qg5+ Kh8 31. Qf6+ Kg8 32. Rf3 h4 33. Qxh4
Qb1+ 34. Kh2 Qe4 35. Qh6 Kh8 36. Rg3 Qg6 37. Rxg6 fxg6 38. a5 Kg8 39. Qh4 Kf7
40. Qxh7+ Kf6 41. a6 1-0

[Event "33. Open Ciudad de San Sebastian"]
[Site "San Sebastián ESP"]
[Date "2010.03.28"]
[Round "1.62"]
[White "Irulegi Garmendia, Jose Antonio"]
[Black "Fehr, Jukka"]
[Result "0-1"]
[WhiteElo "1503"]
[BlackElo "2024"]
[PlyCount "72"]
[EventDate "2010.03.28"]
[EventType "swiss"]
[EventRounds "9"]
[EventCountry "ESP"]
[Source "lmi"]
[SourceDate "2010.03.28"]

1. e4 e6 2. d4 d5 3. exd5 exd5 4. Bb5+ c6 5. Be2 Nf6 6. Nf3 Bg4 7. O-O Be7 8.
Ne5 Bxe2 9. Qxe2 O-O 10. Bg5 Nbd7 11. Nd2 Re8 12. Ndf3 Bd6 13. Rfe1 Qc7 14. Be3
Nxe5 15. dxe5 Bxe5 16. Nxe5 Qxe5 17. c3 Qf5 18. Qd2 Ne4 19. Qc2 b6 20. Re2 Nd6
21. Rae1 Qxc2 22. Rxc2 Nc4 23. Rce2 Re6 24. b3 Nxe3 25. Rxe3 Rae8 26. Rxe6 Rxe6
27. Kf1 Rxe1+ 28. Kxe1 Kf8 29. Ke2 Ke7 30. Kd3 Kd6 31. a3 Ke5 32. b4 g5 33. c4
d4 34. g4 c5 35. b5 Kf4 36. h3 Kf3 0-1

[Event "33. Open Ciudad de San Sebastian"]
[Site "San Sebastián ESP"]
[Date "2010.03.28"]
[Round "1.63"]
[White "Tome Vazquez, Oscar"]
[Black "Juaristi Izaga, Jose Ignacio"]
[Result "1-0"]
[WhiteElo "2015"]
[BlackElo "1489"]
[PlyCount "83"]
[EventDate "2010.03.28"]
[EventType "swiss"]
[EventRounds "9"]
[EventCountry "ESP"]
[Source "lmi"]
[SourceDate "2010.03.28"]

1. d4 d6 2. c4 g6 3. Bf4 Bg7 4. Nf3 Nc6 5. e3 e6 6. Nc3 Nf6 7. h3 a6 8. Be2 e5
9. dxe5 dxe5 10. Qxd8+ Nxd8 11. Bxe5 c6 12. Bd6 Ne6 13. O-O Bf8 14. Rfd1 Bxd6
15. Rxd6 O-O 16. Rad1 c5 17. Ne5 a5 18. b3 Ra6 19. Rxa6 bxa6 20. Bf3 Rd8 21.
Rxd8+ Nxd8 22. Na4 Bb7 23. Nxc5 Bxf3 24. Nxf3 Nc6 25. Nd4 Nb8 26. f3 Kf8 27.
Kf2 Ke7 28. Ke2 Nfd7 29. Na4 f5 30. Kd3 Kd6 31. a3 Nc5+ 32. Nxc5 Kxc5 33. e4
fxe4+ 34. fxe4 Kd6 35. g3 Nd7 36. b4 axb4 37. axb4 Ne5+ 38. Kc3 Nd7 39. Nf3 Kc6
40. Kd4 h6 41. Ne5+ Nxe5 42. Kxe5 1-0

[Event "33. Open Ciudad de San Sebastian"]
[Site "San Sebastián ESP"]
[Date "2010.03.28"]
[Round "1.65"]
[White "Fletcher, John"]
[Black "Berdote Alonso, Carlos"]
[Result "1-0"]
[WhiteElo "2004"]
[BlackElo "1443"]
[PlyCount "23"]
[EventDate "2010.03.28"]
[EventType "swiss"]
[EventRounds "9"]
[EventCountry "ESP"]
[Source "lmi"]
[SourceDate "2010.03.28"]

1. d4 Nf6 2. Nc3 d5 3. Bg5 Nbd7 4. Qd3 h6 5. Bh4 g5 6. Bg3 Bg7 7. Nb5 e5 8.
dxe5 Nc5 9. Qa3 Nfe4 10. f3 Nxg3 11. Qxc5 c6 12. Nd6+ 1-0

[Event "33. Open Ciudad de San Sebastian"]
[Site "San Sebastián ESP"]
[Date "2010.03.28"]
[Round "1.66"]
[White "Benson, Nicola"]
[Black "Torres, Patrice"]
[Result "0-1"]
[WhiteElo "1377"]
[BlackElo "2003"]
[PlyCount "66"]
[EventDate "2010.03.28"]
[EventType "swiss"]
[EventRounds "9"]
[EventCountry "ESP"]
[Source "lmi"]
[SourceDate "2010.03.28"]

1. d4 d5 2. Nf3 Nf6 3. e3 Bf5 4. c4 e6 5. Nc3 c6 6. Nh4 Bg4 7. Qb3 Qb6 8. f3
Bh5 9. g4 Bg6 10. Nxg6 hxg6 11. c5 Qc7 12. Qc2 Nbd7 13. Qg2 e5 14. Qg3 O-O-O
15. Bd2 exd4 16. Qxc7+ Kxc7 17. exd4 Re8+ 18. Be2 Be7 19. Bf4+ Kc8 20. O-O-O
Rh3 21. Rd3 Reh8 22. Na4 Bd8 23. Rb3 Bc7 24. Bxc7 Kxc7 25. Re3 Nxg4 26. Re7 Nh6
27. b4 Kd8 28. Re3 Nf5 29. Rd3 Rxh2 30. Rxh2 Rxh2 31. Kd2 Ng3 32. Nc3 Nf6 33.
Re3 Nf1+ 0-1

[Event "33. Open Ciudad de San Sebastian"]
[Site "San Sebastián ESP"]
[Date "2010.03.29"]
[Round "2.1"]
[White "Bjerke, Silje"]
[Black "Spraggett, Kevin"]
[Result "0-1"]
[WhiteElo "2218"]
[BlackElo "2580"]
[PlyCount "76"]
[EventDate "2010.03.28"]
[EventType "swiss"]
[EventRounds "9"]
[EventCountry "ESP"]
[Source "lmi"]
[SourceDate "2010.03.28"]

1. e4 Nf6 2. e5 Nd5 3. d4 d6 4. c4 Nb6 5. exd6 exd6 6. Nc3 Nc6 7. Nf3 Be7 8.
Be2 O-O 9. O-O Re8 10. b3 Bf6 11. Be3 Bf5 12. Qd2 d5 13. c5 Nc8 14. h3 Be6 15.
Rad1 N8e7 16. g4 g6 17. Rfe1 Qd7 18. Ng5 Bg7 19. Bf3 Rac8 20. Ne2 Nd8 21. Nf4
h6 22. Ngxe6 fxe6 23. Nd3 Nf7 24. Bf4 g5 25. Be3 Ng6 26. Rc1 c6 27. Bd1 e5 28.
Nxe5 Nfxe5 29. dxe5 Rxe5 30. Be2 Rce8 31. Rcd1 Nh4 32. Qc2 Qf7 33. Rf1 Qc7 34.
Bd3 Nf3+ 35. Kg2 Rxe3 36. fxe3 Qh2+ 37. Kxf3 Rf8+ 38. Bf5 Qxc2 0-1

[Event "33. Open Ciudad de San Sebastian"]
[Site "San Sebastián ESP"]
[Date "2010.03.29"]
[Round "2.2"]
[White "Gleizerov, Evgeny"]
[Black "Nelson, Jonathan P"]
[Result "1-0"]
[WhiteElo "2565"]
[BlackElo "2245"]
[PlyCount "44"]
[EventDate "2010.03.28"]
[EventType "swiss"]
[EventRounds "9"]
[EventCountry "ESP"]
[Source "lmi"]
[SourceDate "2010.03.28"]

1. d4 Nf6 2. c4 e6 3. g3 d5 4. Nf3 dxc4 5. Bg2 Bb4+ 6. Bd2 a5 7. O-O O-O 8. Nc3
h6 9. a3 Be7 10. Qa4 c6 11. Qxc4 b5 12. Qb3 Ba6 13. Qc2 Nbd7 14. Bf4 Qb6 15.
Rfd1 Nd5 16. Ne5 Nxe5 17. Bxe5 Rac8 18. Ne4 c5 19. dxc5 Bxc5 20. Nxc5 Rxc5 21.
Qe4 f5 22. Qd4 Rc2 1-0

[Event "33. Open Ciudad de San Sebastian"]
[Site "San Sebastián ESP"]
[Date "2010.03.29"]
[Round "2.3"]
[White "Vea, Odin Blikra"]
[Black "Korneev, Oleg"]
[Result "1/2-1/2"]
[WhiteElo "2195"]
[BlackElo "2558"]
[PlyCount "70"]
[EventDate "2010.03.28"]
[EventType "swiss"]
[EventRounds "9"]
[EventCountry "ESP"]
[Source "lmi"]
[SourceDate "2010.03.28"]

1. e4 c5 2. Nf3 e6 3. d4 cxd4 4. Nxd4 a6 5. Nc3 Qc7 6. Bd3 Nf6 7. O-O Bc5 8.
Be3 d6 9. Qe2 b5 10. a3 Bb7 11. Nb3 Nbd7 12. h3 O-O 13. f4 Rfe8 14. Rad1 e5 15.
fxe5 Bxe3+ 16. Qxe3 dxe5 17. Ne2 Re6 18. Ng3 Qb6 19. Qxb6 Rxb6 20. c4 Rc8 21.
cxb5 axb5 22. Rc1 g6 23. Rxc8+ Bxc8 24. Rc1 Ba6 25. Kf2 b4 26. Bxa6 Rxa6 27.
axb4 Ra4 28. Rc4 Kf8 29. Ke2 Ne8 30. Kd3 Nd6 31. Rc7 Nb6 32. Rc6 Rxb4 33. Nc5
Rd4+ 34. Ke2 Nbc4 35. b3 Nd2 1/2-1/2

[Event "33. Open Ciudad de San Sebastian"]
[Site "San Sebastián ESP"]
[Date "2010.03.29"]
[Round "2.4"]
[White "Alsina Leal, Daniel"]
[Black "Griffiths, Ryan Rhys"]
[Result "1-0"]
[WhiteElo "2548"]
[BlackElo "2195"]
[PlyCount "91"]
[EventDate "2010.03.28"]
[EventType "swiss"]
[EventRounds "9"]
[EventCountry "ESP"]
[Source "lmi"]
[SourceDate "2010.03.28"]

1. e4 c5 2. Nf3 d6 3. d4 cxd4 4. Nxd4 Nf6 5. Nc3 a6 6. Bg5 Nbd7 7. Bc4 Qb6 8.
Bb3 e6 9. Qd2 Be7 10. O-O-O O-O 11. f3 Qc7 12. g4 b5 13. Be3 Nc5 14. g5 Nfd7
15. Bd5 Bb7 16. Bxb7 Qxb7 17. Qg2 b4 18. Nce2 a5 19. Kb1 a4 20. h4 b3 21. cxb3
axb3 22. a3 Ne5 23. Nc3 Nc4 24. Qe2 Qa6 25. Ndb5 Nxe3 26. Qxe3 Rfc8 27. Rd2
Rab8 28. Qe2 Na4 29. Nxa4 Qxb5 30. Qxb5 Rxb5 31. Nc3 Rbc5 32. Rd3 f6 33. f4 f5
34. Re1 Kf7 35. exf5 Rxf5 36. Ne2 e5 37. fxe5 dxe5 38. Rxb3 Rc4 39. Ng3 Rf2 40.
Rxe5 Bd6 41. Rf5+ Rxf5 42. Nxf5 Be5 43. Re3 Rc5 44. Re4 Kg6 45. Ne3 Bg3 46. b4
1-0